000 00493nam a2200157 i 4500
001 104440
003 ES-MaACL
005 20230906183614.0
007 t|
008 051130s1916 fr ||||1| fre d
100 1 _aMillet, Gabriel.
_981243
245 1 0 _aRecherches sur l'iconographie de l'Evangile aux XIV, XV et XVI siècles /
_cGabriel Millet.
260 _a[s.l. :
_bs.n.],
_c1916 (
_eMayenne :
_fCharles Colin)
300 _aLXIV, 809 p. :
_bil. ;
_c23 cm.
852 _aES-MaACL
_jF-2238
999 _c104440
_d104440